Il silenzio del corpo : materiali per studio di medicina /

Guardat en:
Dades bibliogràfiques
Autor principal: Ceronetti, Guido (Autor)
Format: Llibre
Idioma:italià
Publicat: Milano : Adelphi, 1990
Edició:5. ed. riv. e accresciuta
Col·lecció:Piccola biblioteca Adelphi ; 75
Etiquetes: Afegir etiqueta
Sense etiquetes, Sigues el primer a etiquetar aquest registre!

MARC

LEADER 00000nam a22000007i 4500
001 IT\ICCU\RAV\0235282
003 ItRI
005 20260115232306.0
008 940415s1990 it |||||| ||||| |||||c
015 |2 IT  |a 8845903788 
040 |b ita  |c importazione bologna sebina 
041 7 |a ita  |2 ISO-639-2 
100 1 |a Ceronetti, Guido  |0 IT\ICCU\CFIV\010158  |4 aut 
240 1 3 |a Il silenzio del corpo  |3 IT\ICCU\SBN\0080815  |9 Ceronetti, Guido 
245 1 3 |a Il silenzio del corpo :  |b materiali per studio di medicina /  |c Guido Ceronetti. 
250 |a 5. ed. riv. e accresciuta 
260 |a Milano :  |b Adelphi,  |c 1990 
300 |a 227 p. ;  |c 18 cm. 
790 1 |a Gayuk, Mehmet  |3 IT\ICCU\SBNV\065568  |z Ceronetti, Guido 
830 0 |a Piccola biblioteca Adelphi ;  |v 75  |0 IT\ICCU\CFI\0003745 
942 |2 ddc  |c BK  |n 0 
952 |0 0  |1 0  |4 0  |6 DOC_858_914000000000000_CER  |7 0  |9 23680  |a BO  |b BO  |d 2026-01-15  |i 15438  |l 0  |o DOC 858.914 CER  |p BO15438  |r 2026-01-15 23:23:06  |w 2026-01-15  |x [Sebina 5] [1 v.]  |y BK  |z 1 v. 
999 |c 20164  |d 20164